Statistics for Famous Suicides #1

Click here to take the quiz!

General Stats

  • This quiz has been taken 100 times
  • The average score is 4 of 10

Answer Stats

HintManner of SuicideYear of DeathAnswer% Correct
Vocalist and guitarist of NirvanaGunshot1994Kurt Cobain
94%
Actor known for playing Genie in Aladdin and Mrs. Doubtfire in the movie with the same name.Hanging2014Robin Williams
79%
¨Wrote ¨The Old Man and the Sea¨ and ¨For Whom the Bell Tolls¨Gunshot1961Ernest Hemingway
58%
Swedish pop singer of ¨Wake Me Up¨Cutting of the Wrists2018Avicii
57%
Lead singer of Linkin ParkHanging2017Chester Bennington
47%
Famous chefHanging2018Anthony Bourdain
44%
Fashion designer and founder of a brand that has her nameHanging2018Kate Spade
26%
¨Wrote Mrs. Dalloway¨ and ¨A Room of One´s Own¨Drowning1941Virginia Woolf
25%
Lead singer of The ProdigyHanging2019Keith Flint
11%
Ex-Lead vocalist of BostonCarbon Monoxide Poisoning2007Brad Delp
7%

Score Distribution

Percentile by Number Answered

Percent of People with Each Score

Your Score History

You have not taken this quiz